Country to Capital Asia - Click Quiz - Statistics

General Stats
  • This quiz has been taken 41 times
  • The average score is 13 of 15
Answer Stats
Hint Answer % Correct
Iraq Baghdad
95%
Philippines Manila
95%
Turkey Ankara
92%
Israel Jerusalem
92%
North Korea Pyongyang
92%
Japan Tokyo
92%
Pakistan Islamabad
87%
Bahrain Manama
84%
Cambodia Phnom Penh
82%
Mongolia Ulaanbaatar
82%
Brunei Bandar Seri Begawan
79%
Armenia Yerevan
79%
East Timor Dili
76%
Yemen Sana'a
76%
Kyrgyzstan Bishkek
74%
No matching quizzes found
Score Distribution
Percent of People with Each Score
Percentile by Number Answered
Your Score History
You have not taken this quiz